[Event "Magistral Tiendas UPI 6th"]
[Site "Mancha Real"]
[Date "2003.03.23"]
[Round "4"]
[White "Angeles Cano, Manuel"]
[Black "Cabrera Pino, Alexis"]
[Result "0-1"]
[WhiteElo "2015"]
[BlackElo "2478"]
[PlyCount "48"]
[EventDate "2003.03.21"]
[EventType "schev"]
[EventRounds "9"]
[EventCountry "ESP"]
[SourceTitle "CBM 093 Extra"]
[Source "ChessBase"]
[SourceDate "2003.05.09"]
[SourceVersion "1"]
[SourceVersionDate "2003.05.09"]
[SourceQuality "1"]

1. e4 c5 2. Nf3 d6 3. d4 cxd4 4. Nxd4 Nf6 5. Nc3 g6 6. Be3 Bg7 7. f3 Nc6 8. Qd2 0-0 9. Bc4 Bd7 10. 0-0-0 Rc8 11. Bb3 Nxd4 12. Bxd4 b5 13. Nd5 Nxd5 14. Bxd5 a5 15. Bxg7 Kxg7 16. Qd4+ f6 17. a3 Rc5 18. Rd2 Qc7 19. Re1 Rc8 20. Ree2 Qb6 21. Qf2 b4 22. axb4 axb4 23. Kd1 Qa5 24. Ke1 Rxc2 0-1

[Event "Magistral Tiendas UPI 6th"]
[Site "Mancha Real"]
[Date "2003.03.22"]
[Round "3"]
[White "Angeles Cano, Manuel"]
[Black "Saldano Dayer, Horacio"]
[Result "0-1"]
[WhiteElo "2015"]
[BlackElo "2442"]
[PlyCount "80"]
[EventDate "2003.03.21"]
[EventType "schev"]
[EventRounds "9"]
[EventCountry "ESP"]
[SourceTitle "CBM 093 Extra"]
[Source "ChessBase"]
[SourceDate "2003.05.09"]
[SourceVersion "1"]
[SourceVersionDate "2003.05.09"]
[SourceQuality "1"]

1. e4 e5 2. f4 exf4 3. Nf3 Ne7 4. Bc4 c6 5. d4 d5 6. exd5 Nxd5 7. 0-0 Be7 8. Nc3 Nxc3 9. bxc3 0-0 10. Bxf4 Bg4 11. Qd3 Nd7 12. Ne5 Bh5 13. Rf2 Nxe5 14. Bxe5 Bg6 15. Qf3 Bd6 16. Qg3 Bxe5 17. Qxe5 Qd7 18. Raf1 Rae8 19. Qg5 Qe7 20. Qg4 Qe3 21. Qf3 Qxf3 22. Rxf3 Re7 23. Bd3 Bxd3 24. cxd3 f6 25. Kf2 Rfe8 26. Kg3 Kf7 27. Kf4 Re2 28. R1f2 Re1 29. Rf1 Rxf1 30. Rxf1 Re2 31. Kg3 Rxa2 32. Rb1 b6 33. Rb3 Ke6 34. c4 Kd6 35. h4 h5 36. Kf3 g5 37. hxg5 fxg5 38. Rb1 Rd2 39. Rb3 g4+ 40. Kg3 Kc7 0-1

[Event "Mancha Real schev"]
[Site "Mancha Real"]
[Date "2002.08.08"]
[Round "7"]
[White "Gutierrez Castillo, Paloma"]
[Black "Angeles Cano, Manuel"]
[Result "1-0"]
[WhiteElo "2088"]
[BlackElo "2094"]
[PlyCount "77"]
[EventDate "2002.08.02"]
[EventType "schev"]
[EventRounds "9"]
[EventCountry "ESP"]
[SourceTitle "CBM 089 Extra"]
[Source "ChessBase"]
[SourceDate "2002.09.10"]
[SourceVersion "2"]
[SourceVersionDate "2002.09.10"]
[SourceQuality "1"]

1. e4 c5 2. Nf3 d6 3. d4 cxd4 4. Nxd4 Nf6 5. Nc3 a6 6. Be2 Nc6 7. Be3 e5 8. Nb3 Be6 9. Nd5 Bxd5 10. exd5 Na5 11. 0-0 Nxb3 12. axb3 Be7 13. c4 0-0 14. f4 exf4 15. Rxf4 Nd7 16. Rg4 Ne5 17. Rg3 Bf6 18. Qf1 g6 19. Qf4 Bg7 20. Rf1 f5 21. Bd4 Qf6 22. Bc3 Rae8 23. h4 h6 24. Bd1 Qf7 25. Bc2 b5 26. Ra1 Rc8 27. Rxa6 bxc4 28. Rxd6 Qa7+ 29. Kh1 Qa1+ 30. Kh2 Ng4+ 31. Rxg4 fxg4 32. Qxg4 Qc1 33. Rxg6 Qf4+ 34. Qxf4 Rxf4 35. Rxg7+ Kf8 36. Rg3 Rxh4+ 37. Rh3 Rxh3+ 38. Kxh3 cxb3 39. Bxb3 1-0

[Event "Mancha Real schev"]
[Site "Mancha Real"]
[Date "2002.08.05"]
[Round "4"]
[White "Gutierrez Castillo, Oscar"]
[Black "Angeles Cano, Manuel"]
[Result "1-0"]
[WhiteElo "2196"]
[BlackElo "2094"]
[PlyCount "43"]
[EventDate "2002.08.02"]
[EventType "schev"]
[EventRounds "9"]
[EventCountry "ESP"]
[SourceTitle "CBM 089 Extra"]
[Source "ChessBase"]
[SourceDate "2002.09.10"]
[SourceVersion "2"]
[SourceVersionDate "2002.09.10"]
[SourceQuality "1"]

1. e4 e5 2. Nf3 Nc6 3. d4 exd4 4. Bc4 Be7 5. 0-0 d6 6. Nxd4 Nf6 7. Nxc6 bxc6 8. Nc3 0-0 9. h3 Be6 10. Bd3 d5 11. e5 Nd7 12. f4 Nc5 13. f5 Nxd3 14. Qxd3 Bc5+ 15. Kh1 Bc8 16. f6 g6 17. Na4 Bb6 18. Nxb6 axb6 19. Qg3 Ra4 20. Bh6 Re8 21. Qg5 Re4 22. Bf8 1-0

[Event "Mancha Real schev"]
[Site "Mancha Real"]
[Date "2002.08.04"]
[Round "3"]
[White "Angeles Cano, Manuel"]
[Black "Martos Exposito, Manuel"]
[Result "0-1"]
[WhiteElo "2094"]
[BlackElo "2121"]
[PlyCount "80"]
[EventDate "2002.08.02"]
[EventType "schev"]
[EventRounds "9"]
[EventCountry "ESP"]
[SourceTitle "CBM 089 Extra"]
[Source "ChessBase"]
[SourceDate "2002.09.10"]
[SourceVersion "2"]
[SourceVersionDate "2002.09.10"]
[SourceQuality "1"]

1. e4 d6 2. d4 Nf6 3. Nc3 c6 4. f4 b5 5. Bd3 b4 6. Nce2 e6 7. Nf3 d5 8. e5 Nfd7 9. Be3 c5 10. c3 c4 11. Bc2 Nb6 12. 0-0 g6 13. Qe1 Nc6 14. Qg3 a5 15. Qh3 a4 16. g4 Ba6 17. Rae1 b3 18. axb3 cxb3 19. Bb1 Nc4 20. Bc1 a3 21. bxa3 Bxa3 22. Bxa3 Nxa3 23. Rf2 Qa5 24. f5 Nxb1 25. Rxb1 Qa2 26. Qf1 0-0 27. f6 b2 28. Nd2 Bxe2 29. Rxe2 Qa3 30. Qf4 Rfb8 31. Qh6 Qf8 32. Qe3 Ra1 33. Ree1 Ra3 34. Kf2 h6 35. h4 Nb4 36. Qe2 Na2 37. c4 Nc3 38. Qf1 Qb4 39. cxd5 Qxd4+ 40. Kg2 Qxg4+ 0-1

[Event "Mancha Real schev"]
[Site "Mancha Real"]
[Date "2002.08.03"]
[Round "2"]
[White "Angeles Cano, Manuel"]
[Black "Rodriguez Guerrero, Enrique"]
[Result "0-1"]
[WhiteElo "2094"]
[BlackElo "2324"]
[PlyCount "58"]
[EventDate "2002.08.02"]
[EventType "schev"]
[EventRounds "9"]
[EventCountry "ESP"]
[SourceTitle "CBM 089 Extra"]
[Source "ChessBase"]
[SourceDate "2002.09.10"]
[SourceVersion "2"]
[SourceVersionDate "2002.09.10"]
[SourceQuality "1"]

1. e4 c5 2. Nf3 e6 3. d4 cxd4 4. Nxd4 Nc6 5. Nc3 Qc7 6. g3 a6 7. Bg2 Nf6 8. 0-0 d6 9. Be3 Be7 10. h3 Ne5 11. f4 Nc4 12. Bf2 Nxb2 13. Qf3 0-0 14. g4 Nc4 15. Rad1 Bd7 16. g5 Ne8 17. Nce2 g6 18. Ng3 e5 19. Nde2 exf4 20. Nxf4 Ne5 21. Qb3 Bxg5 22. Nd5 Qc6 23. Ne2 Qc4 24. Nb6 Qxb3 25. cxb3 Rd8 26. h4 Bb5 27. Rfe1 Bh6 28. Nc3 Nd3 29. Re2 Nxf2 0-1

[Event "Mancha Real op"]
[Site "Mancha Real"]
[Date "2001.??.??"]
[Round "1"]
[White "Martos Exposito, Manuel"]
[Black "Angeles Cano, Manuel"]
[Result "1-0"]
[WhiteElo "2016"]
[BlackElo "2122"]
[PlyCount "69"]
[EventDate "2001.??.??"]
[EventType "swiss"]
[EventRounds "9"]
[EventCountry "ESP"]
[SourceTitle "EXT 2002"]
[Source "ChessBase"]
[SourceDate "2001.11.25"]
[SourceVersion "1"]
[SourceVersionDate "2001.11.25"]
[SourceQuality "1"]

1. e4 g6 2. d4 Bg7 3. Nc3 d6 4. Be3 Nd7 5. Qd2 c6 6. h4 e5 7. 0-0-0 Ne7 8. d5 c5 9. h5 f5 10. f4 fxe4 11. Nxe4 Nf6 12. Bb5+ Kf8 13. Nxf6 Bxf6 14. fxe5 Bxe5 15. Nf3 Bg7 16. Ng5 Qb6 17. c4 a6 18. Ba4 Nf5 19. Bb3 Qb4 20. Qxb4 cxb4 21. Rhf1 Kg8 22. Bf4 Bd7 23. g4 Nd4 24. Bxd6 Bxg4 25. Rxd4 Bxd4 26. Ne6 Be3+ 27. Kc2 Bf5+ 28. Rxf5 gxf5 29. Kd3 Bg1 30. Bxb4 Kf7 31. c5 a5 32. Bc3 Rhe8 33. Ng5+ Ke7 34. d6+ Kd7 35. Ba4+ 1-0